| 000 | nam a22 a 4500 | ||
|---|---|---|---|
| 999 |
_c4335 _d4335 |
||
| 003 | AKMAL | ||
| 005 | 20170529091256.0 | ||
| 008 | 170529s1995 my 00 may d | ||
| 020 |
_a9678907046 (kkt.): _cRM 15.00 |
||
| 082 | 0 | 4 | _a343.5950929 AKT |
| 090 |
_a343.5950929 _bAKT |
||
| 110 | 1 |
_aMalaysia _9400 |
|
| 240 | 1 | _aAkta Bekalan Elektrik, 1990 (Akta 447) | |
| 245 | 0 | 0 |
_aAkta Bekalan Elektrik 1990 peraturan-peraturan elektrik 1994 Akta 447, Akta Bekalan Elektrik 1990 (syarikat pengganti) Akta 448 : _bsemua pindaan hingga 15 Julai, 1995 |
| 260 |
_aKuala Lumpur : _bInternational Law Book Services _c1995 |
||
| 300 |
_aiii, 182ms. ; _c25cm |
||
| 650 |
_aElectricity _xLaws and legislation _zMalaysia _98444 |
||
| 650 |
_aElectric power systems _xLaw and legislation _zMalaysia _98445 |
||
| 710 | 1 |
_aMalaysia. _tAkta Bekalan Elektrik (Syarikat Pengganti) 1990 (Akta 448) _98446 |
|
| 942 |
_2ddc _cBOOK |
||